000 02559nam0a2200361 4500
001 RU\NLR\BIBL_A\016221501
005 20230301114132.0
010 _a978-5-6048274-3-7
_93000
021 _aRU
_bКН-П-22-076098
_9КН-П-22-6640
035 _a(NLR Aleph) 016221501
035 _a(RuMoRGB)011328405
090 _a12739623
_c12739623
100 _a20221129d2022 u y0rusy50 ca
101 1 _arus
_ceng
102 _aRU
105 _ay|||z||||||a|
181 1 _ai
_baxxe
182 1 _an
200 1 _aКороль сусликов
_e[роман]
_fГоян Николич
_gперевел с английского Н. Вуль
203 _aТекст
_bвизуальный
_cнепосредственный
210 _aСанкт-Петербург
_cPolyandria NoAge
_d2022
215 _a574, [1] с.
_d21
300 _aСодержит нецензур. брань
330 _aГлавный герой романа Стэн Пржевальский - ветеран вьетнамской войны, которого терзают кошмары прошлого и чувство вины. Стэн живет в маленьком городке в Колорадо, принимает психотропные препараты и работает редактором местной газеты. Неподалеку происходит убийство, а в окрестных лесах бушуют пожары, грозя уничтожить город. На фоне этих бедствий Стэн знакомится со странным зверьком, который носит армейские ботинки, обожает рок и с помощью настоящей армии, оснащенной по последнему слову техники, ведет войну со строительной компанией, вторгнувшейся на его территорию. Эта встреча повлечет за собой череду фантасмагорических приключений, и Стэн получит возможность в конце концов искупить грехи и обрести душевный покой
333 _a18+
675 _a821.111(73)-31
_v4
686 1 _aШ6(7США)67-445{Лх1979-62}
700 1 _7ca
_8rus
_aНиколич
_bГ.
_gГоян
_9253093
_3RU\NLR\AUTH\770253149
942 _cBOOK
980 _aNB